№ 2; Управляющие системы и машины

Bibliographic Details
Parent link:Управляющие системы и машины: научный журнал/ Национальная академия наук Украины (НАНУ), Институт кибернетики им. В. М. Глушкова (ИК). № 2.— , 1972-
Language:Russian
Published: 2014
Format: Book
KOHA link:https://koha.lib.tpu.ru/cgi-bin/koha/opac-detail.pl?biblionumber=533465

MARC

LEADER 00000nam2a2200000 4500
001 533465
005 20231101113116.0
035 |a (RuTPU)RU\TPU\prd\221043 
090 |a 533465 
100 |a 20140627a19729999k y0rusy50 ca 
101 0 |a rus 
102 |a UA 
200 0 |a № 2 
210 |d 2014 
461 1 |0 (RuTPU)RU\TPU\prd\1743  |t Управляющие системы и машины  |o научный журнал  |f Национальная академия наук Украины (НАНУ), Институт кибернетики им. В. М. Глушкова (ИК)  |v № 2  |d 1972- 
801 0 |a RU  |b 63413507  |c 20010227  |g PSBO 
801 1 |a RU  |b 63413507  |c 20140627 
801 2 |a RU  |b 63413507  |c 20201216  |g RCR 
942 |c BK 
999 |a НТБ_ТПУ  |b НФ  |e -1/20140109  |p П-6692  |s 4/20130930  |u 0,00  |v 1